000 00366nam a2200157Ia 4500
003 Ost
005 20260225132539.0
008 260225s9999||||xx |||||||||||||| ||und||
040 _cfsic
041 _afre
082 _a303.48
100 _aSamuel p.huntington
_eAuteur
245 0 _aLe choc des civilisations /
245 0 _cSamuel p.huntington
942 _cكتاب
999 _c33418
_d33418